000 00587 a2200181 4500
999 _c183182
_d183182
005 20220124130215.0
010 _aENG-130412
020 _a978-93-86720-20-7
_c699.00
035 _aEN-113944
037 _bDBAD/PUB
082 _a485
_b1
245 _aIAS MAINS:
_bEnglish Hindi Essay/
_cEdited by Arpit Bajpai
260 _aGhaziabad
_bRathore Publishers & Distributors
_c2019
270 _aBasement 260, ShaktiKand-III, Indirapuram, Ghazidabad
_bUttar Pradesh
_e201010
300 _a214p.
_c22cm (hbk)
700 _a Bajpai, Arpit
942 _adpl
_cEN
_2ddc
_h485
_mIAS